Statistics for Types of Bakes and Cakes by Picture

Click here to take the quiz!

General Stats

  • This quiz has been taken 2,334 times
  • The average score is 12 of 18

Answer Stats

Answer% Correct
Croissant
96%
Cupcake
95%
Cookie
93%
Brownie
92%
Muffin
92%
Apple Pie
90%
Bread
89%
Doughnut
86%
Macaron
81%
Éclair
69%
Cheesecake
60%
Swiss Roll
57%
Pain au Chocolat
45%
Sausage Roll
38%
Victoria Sponge
36%
Mince Pie
35%
Cornish Pasty
34%
Battenberg Cake
28%

Score Distribution

Percentile by Number Answered

Percent of People with Each Score

Your Score History

You have not taken this quiz